00541 2200193 4500001002100000005001700021006001900038008004100057020002200098035002500120041000700145082001200152090001800164100002400182245003400206260003100240300003600271650004000307INLIS00000000000407020140226155751.0a ||| | 180719| ||| | id  a978-979-543-962-2 a0010-031300000004070 aid0 a633.851 a633.851 TAN p0 aTim bina karya tani00aPedoman Bertanam Kelapa Sawit aBandungbYrama Widyac2009 aviii + 128 hlm ; 12,5 x 19,5 cm 0akelapa sawit -- Tim bina karya tani